000 00489nam a22001937a 4500
003 LK-CoDNM
005 20241220105252.0
008 241220b |||||||| |||| 00| 0 eng d
040 _aLK-CoDNM
_dLK-CoDNM
_eLK-CoDNM
041 _aeng
080 _a2
_bP5
100 _aC. Spence Bate,
245 _aA History Of The British Sessile-Eyed Crustacea.
260 _aLondon
_bPaternoster Row
300 _a536p. : ill , 24 cm
490 _vVol ; ii
650 _aScience
942 _cBK
999 _c233783
_d233783